000 00853nam a2200289 a 4500
001 vtls000942052
003 NLI
005 20210627091237.0
008 111102n ii s000 0 eng
039 9 _y201111021731
_zVLOAD
040 _aNLI
_beng
_cDatasoft_IOD
_eAACR2
041 0 _aeng
044 _a ii
082 0 4 _a 338.64(52)
100 1 _aKumarappa, J. C.
_9754165
245 1 0 _aReport on agriculture and cottage and small scale industries in Japan /
_cby J. C. Kumarappa
260 _aNew Delhi :
_bGovt. of India Press,
_c[n.d.]
300 _a38 p. ;
_c20 cm.
650 0 _aSmall business
_zIndia
_9743307
650 0 _aScale industries
_zIndia
650 0 _aCottage industries
_zIndia
_9746943
887 _a
901 _a3364 date
_b29.07.1954
902 _aGP 338.64(52) K 96
999 _aVIRTUA40
_c763583
_d763583
942 _2ddc
_cBKS